مكتبة جامعة عجلون الوطنية

فهرس بحث المكتبة

Normal view MARC view
  • تنظيم وشرح مراد، عثمان بن سليمان؛ تحقيق وضبط حامد بن خيرالله ؛ تفريظ محمود أمين طنطاوي؛ تقديم عبد الفتاح مدكور

Entry Personal Name

Number of records used in: 1

001 - CONTROL NUMBER

  • control field: 49044

003 - CONTROL NUMBER IDENTIFIER

  • control field: JO-AjAnu

005 - DATE AND TIME OF LATEST TRANSACTION

  • control field: 20230606082102.0

008 - FIXED-LENGTH DATA ELEMENTS

  • fixed length control field: 230606|| aca||aabn | a|a d

040 ## - CATALOGING SOURCE

  • Original cataloging agency: JO-AjAnu
  • Transcribing agency: JO-AjAnu

100 ## - HEADING--PERSONAL NAME

  • Personal name: تنظيم وشرح مراد، عثمان بن سليمان؛ تحقيق وضبط حامد بن خيرالله ؛ تفريظ محمود أمين طنطاوي؛ تقديم عبد الفتاح مدكور

670 ## - SOURCE DATA FOUND

  • Source citation: Work cat.: (JO-AjAnu)25085: تنظيم وشرح مراد، عثمان بن سليمان؛ تحقيق وضبط حامد بن خيرالله ؛ تفريظ محمود أمين طنطاوي؛ تقديم عبد الفتاح مدكور, author, السلسبيل الشافي في تجويد القرآن